|
|
|
|
| LEADER |
00000nam0a2200000 4500 |
| 001 |
359991 |
| 005 |
20231102011235.0 |
| 035 |
|
|
|a (RuTPU)RU\TPU\retro\17298
|
| 035 |
|
|
|a RU\TPU\retro\17297
|
| 090 |
|
|
|a 359991
|
| 100 |
|
|
|a 20210217d1892 k y0frey50 ba
|
| 101 |
0 |
|
|a fre
|
| 102 |
|
|
|a BE
|
| 105 |
|
|
|a y z 000zy
|
| 200 |
1 |
|
|a Étude sur le fluochloroforme
|e [оттиск статьи]
|f F. Swarts
|
| 210 |
|
|
|a Bruxelles
|c Hayez, Imprimeur de L'Académie Royale des Sciences, des lettres et des beaux-arts de Belgique
|d 1892
|
| 215 |
|
|
|a P. 474-484 (11 p.)
|c tabl.
|
| 225 |
1 |
|
|a Bull. de l'Acad. roy. de Belgique
|i 3 ser.
|v № 11
|
| 300 |
|
|
|a Параллельная пагинация страниц
|
| 300 |
|
|
|a В описании используется грамматика 19 века
|
| 316 |
|
|
|5 63413507: 25//143
|a На с. 474 (1) надпись: "В дар от Н. В. Асташева 25/X 904 г."
|
| 316 |
|
|
|5 63413507: 25//143
|a Экземпляр не разрезан
|
| 317 |
|
|
|5 63413507: 25//143
|a Поступил в НТБ в 1904 г. в дар от наследников Н. В. Асташева
|
| 320 |
|
|
|a Библиогр. в примеч.
|
| 541 |
1 |
|
|a Изучение фтортрихлорметана
|z fre
|
| 606 |
1 |
|
|a Хлорорганические соединения
|x Химия
|2 stltpush
|3 (RuTPU)RU\TPU\subj\75912
|9 87441
|
| 610 |
1 |
|
|a Коллекция Н. В. Асташева
|
| 610 |
1 |
|
|a дары
|
| 610 |
1 |
|
|a дары библиотеке
|
| 610 |
1 |
|
|a французский язык
|
| 610 |
1 |
|
|a соединения хлора
|
| 610 |
1 |
|
|a хлороформные растворы
|
| 610 |
1 |
|
|a химические исследования
|
| 610 |
1 |
|
|a хлороформ
|
| 610 |
1 |
|
|a фреон
|
| 610 |
1 |
|
|a хладон
|
| 610 |
1 |
|
|a химические свойства
|
| 610 |
1 |
|
|a физические свойства
|
| 610 |
1 |
|
|a формулы
|
| 610 |
1 |
|
|a оттиски
|
| 675 |
|
|
|a 547.22
|v 3
|
| 700 |
|
1 |
|a Swarts
|b F.
|g Frédéric
|
| 801 |
|
1 |
|a RU
|b 63413507
|c 20210216
|
| 801 |
|
2 |
|a RU
|b 63413507
|c 20220616
|g RCR
|
| 942 |
|
|
|c BK
|